| 000 | 01379nam a2200421 i 4500 | ||
|---|---|---|---|
| 001 | 12035 | ||
| 003 | KOSZ 005 | ||
| 005 | 20201103133907.0 | ||
| 008 | 070620s1966 pl g 001 0 pol | ||
| 015 | _aPB 1966/6780 | ||
| 040 |
_aWA N _cKOSZ 005/RW _dKOSZ 005/RW _dKOSZ 005/HR |
||
| 041 | 0 |
_apol _bfre |
|
| 046 | _k1966 | ||
| 080 | _a62(438)(091) | ||
| 080 | _a338.22(438) | ||
| 080 | _a331.5 | ||
| 080 | _a316.344-057.2 | ||
| 100 | 1 |
_aAssorodobraj-Kula, Nina _d(1908-1999) |
|
| 245 | 1 | 0 |
_aPoczątki klasy robotniczej : _bproblem rąk roboczych w przemyśle polskim epoki stanisławowskiej / _cNina Assorodobraj. |
| 250 | _aWyd. 2 opatrzone posł. | ||
| 260 |
_aWarszawa : _bPaństwowe Wydawnictwo Naukowe, _c1966. |
||
| 300 |
_a328 s. ; _c25 cm. |
||
| 380 | _aKsiążki. | ||
| 388 | _a1901-2000 | ||
| 504 | _aBibliogr. s. [304]-305. Indeks. | ||
| 546 | _aStreszcz. fr. | ||
| 650 | 4 | _aRobotnicy | |
| 658 | _aGospodarka, ekonomia, finanse | ||
| 658 | _aSocjologia i społeczeństwo | ||
| 648 | _a1701-1800 | ||
| 651 | 4 | _aPolska | |
| 650 | 4 | _aPrzemysł | |
| 650 | 4 | _aHistoria gospodarcza | |
| 650 | 4 | _aSiła robocza | |
| 710 | 2 |
_aPaństwowe Wydawnictwo Naukowe _4pbl. |
|
| 856 |
_uhttp://koha.tu.koszalin.pl/cgi-bin/koha/opac-detail.pl?biblionumber=12035 _yKatalog online BPK |
||
| 942 |
_2UKD _cKS |
||
| 999 |
_c12035 _d12035 |
||